[Event "Moscow_Open_19_TurnirA"]
[Site "?"]
[Date "2019.02.02"]
[Round "8.2"]
[White "Sjugirov, Sanan"]
[Black "Ponkratov, Pavel"]
[Result "1-0"]
[BlackElo "2630"]
[WhiteElo "2663"]
[LiveChessVersion "1.4.8"]

1. c4 {[%clk 1:16:46]} Nf6 {[%clk 1:30:47]} 2. Nf3 {[%clk 1:10:24]} e6
{[%clk 1:31:08]} 3. d4 {[%clk 1:10:42]} a6 {[%clk 1:31:26]} 4. Nc3
{[%clk 1:02:28]} d5 {[%clk 1:31:09]} 5. Bg5 {[%clk 1:02:19]} dxc4
{[%clk 1:31:27]} 6. e4 {[%clk 1:02:40]} b5 {[%clk 1:31:50]} 7. e5
{[%clk 1:03:02]} h6 {[%clk 1:32:15]} 8. Bh4 {[%clk 1:03:17]} g5 {[%clk 1:32:39]}
9. Nxg5 {[%clk 1:03:11]} hxg5 {[%clk 1:33:04]} 10. Bxg5 {[%clk 1:03:34]} Nbd7
{[%clk 1:32:56]} 11. Be2 {[%clk 0:56:00]} Bb7 {[%clk 1:22:13]} 12. Bf3
{[%clk 0:55:45]} Bxf3 {[%clk 1:22:22]} 13. Qxf3 {[%clk 0:56:04]} Be7
{[%clk 1:22:42]} 14. exf6 {[%clk 0:56:17]} Bxf6 {[%clk 1:22:40]} 15. Ne4
{[%clk 0:53:28]} Bxg5 {[%clk 1:17:23]} 16. Nxg5 {[%clk 0:53:50]} Rf8
{[%clk 1:16:16]} 17. a4 {[%clk 0:44:14]} Rb8 {[%clk 1:02:44]} 18. h4
{[%clk 0:26:49]} Nb6 {[%clk 0:52:06]} 19. axb5 {[%clk 0:21:54]} axb5
{[%clk 0:52:15]} 20. O-O {[%clk 0:18:13]} Qd5 {[%clk 0:49:27]} 21. Ne4
{[%clk 0:17:48]} Nd7 {[%clk 0:48:25]} 22. Ra7 {[%clk 0:14:35]} Rc8
{[%clk 0:46:04]} 23. Qf4 {[%clk 0:11:36]} Rg8 {[%clk 0:41:07]} 24. Re1
{[%clk 0:11:46]} Ke7 {[%clk 0:39:26]} 25. Ng3 {[%clk 0:09:28]} Rg6
{[%clk 0:33:58]} 26. Rxc7 {[%clk 0:03:53]} Rxc7 {[%clk 0:29:19]} 27. Qxc7
{[%clk 0:04:17]} Rg4 {[%clk 0:25:29]} 28. Re5 {[%clk 0:03:25]} Qa8
{[%clk 0:24:13]} 29. d5 {[%clk 0:02:05]} Qa1+ {[%clk 0:21:11]} 30. Nf1
{[%clk 0:02:29]} Qd1 {[%clk 0:13:44]} 31. dxe6 {[%clk 0:01:28]} fxe6
{[%clk 0:14:11]} 32. Rxb5 {[%clk 0:01:09]} Rxh4 {[%clk 0:08:47]} 33. Rb8
{[%clk 0:01:31]} Kf7 {[%clk 0:09:13]} 34. Rd8 {[%clk 0:00:40]} Ke7
{[%clk 0:09:22]} 35. Ra8 {[%clk 0:00:36]} Rh5 {[%clk 0:05:27]} 36. Qxc4
{[%clk 0:00:39]} Qd5 {[%clk 0:04:58]} 37. Qc8 {[%clk 0:00:39]} Qd1
{[%clk 0:03:17]} 38. Qd8+ {[%clk 0:00:42]} Kf7 {[%clk 0:03:43]} 39. Qg8+
{[%clk 0:00:43]} Kf6 {[%clk 0:04:07]} 40. Qd8+ {[%clk 0:30:44]} Kf7
{[%clk 0:34:32]} 41. Ra7 {[%clk 0:24:33]} Rd5 {[%clk 0:34:53]} 42. b4
{[%clk 0:24:47]} Qd4 {[%clk 0:34:51]} 43. Rc7 {[%clk 0:24:24]} Qd3
{[%clk 0:34:49]} 44. Rb7 {[%clk 0:23:43]} Kg6 {[%clk 0:34:55]} 45. Qe8+
{[%clk 0:23:27]} Kf6 {[%clk 0:35:08]} 46. b5 {[%clk 0:22:12]} Qd1
{[%clk 0:34:10]} 47. b6 {[%clk 0:22:03]} Ke5 {[%clk 0:33:54]} 48. Qh8+
{[%clk 0:18:24]} Kd6 {[%clk 0:33:25]} 49. Rxd7+ {[%clk 0:18:42]} 1-0

[Event "Moscow_Open_19_TurnirA"]
[Site "?"]
[Date "2019.02.02"]
[Round "8.3"]
[White "Lysyj, Igor"]
[Black "Fedorov, Alexei"]
[Result "1-0"]
[BlackElo "2557"]
[WhiteElo "2633"]
[LiveChessVersion "1.4.8"]

1. d4 {[%clk 1:30:57]} Nf6 {[%clk 1:30:56]} 2. c4 {[%clk 1:31:23]} g6
{[%clk 1:31:21]} 3. Nc3 {[%clk 1:31:49]} Bg7 {[%clk 1:31:46]} 4. e4
{[%clk 1:32:16]} d6 {[%clk 1:32:13]} 5. Nf3 {[%clk 1:32:40]} O-O {[%clk 1:32:34]}
6. Be2 {[%clk 1:33:08]} e5 {[%clk 1:32:35]} 7. O-O {[%clk 1:33:28]} Nbd7
{[%clk 1:33:00]} 8. Be3 {[%clk 1:33:50]} Re8 {[%clk 1:33:12]} 9. Qc2
{[%clk 1:34:00]} exd4 {[%clk 1:30:22]} 10. Nxd4 {[%clk 1:34:20]} c6
{[%clk 1:30:40]} 11. Rad1 {[%clk 1:34:08]} a6 {[%clk 1:30:23]} 12. f3
{[%clk 1:32:28]} Qc7 {[%clk 1:24:35]} 13. g4 {[%clk 1:29:27]} h6 {[%clk 1:08:31]}
14. Qd2 {[%clk 1:15:03]} Kh7 {[%clk 1:08:19]} 15. Nb3 {[%clk 1:10:21]} Bf8
{[%clk 1:08:29]} 16. g5 {[%clk 1:10:36]} hxg5 {[%clk 1:04:10]} 17. Bxg5
{[%clk 1:09:23]} Nh5 {[%clk 0:53:57]} 18. f4 {[%clk 1:03:17]} Ndf6
{[%clk 0:46:37]} 19. f5 {[%clk 1:03:23]} Bg7 {[%clk 0:44:09]} 20. Qe1
{[%clk 0:40:04]} Rh8 {[%clk 0:29:31]} 21. Qh4 {[%clk 0:34:40]} Kg8
{[%clk 0:29:35]} 22. fxg6 {[%clk 0:34:10]} fxg6 {[%clk 0:29:49]} 23. c5
{[%clk 0:18:46]} d5 {[%clk 0:29:44]} 24. exd5 {[%clk 0:19:03]} cxd5
{[%clk 0:28:46]} 25. Rxd5 {[%clk 0:19:25]} Be6 {[%clk 0:26:41]} 26. Bc4
{[%clk 0:17:19]} Nxd5 {[%clk 0:21:17]} 27. Nxd5 {[%clk 0:17:25]} Bxd5
{[%clk 0:21:10]} 28. Bxd5+ {[%clk 0:17:49]} Kh7 {[%clk 0:21:35]} 29. Be4
{[%clk 0:14:44]} Qe5 {[%clk 0:17:18]} 30. Re1 {[%clk 0:14:35]} Raf8
{[%clk 0:09:11]} 31. Bc2 {[%clk 0:08:43]} Qd5 {[%clk 0:06:14]} 32. Qxh5+
{[%clk 0:08:52]} Kg8 {[%clk 0:06:41]} 33. Qg4 {[%clk 0:07:10]} Rxh2
{[%clk 0:01:43]} 34. Kxh2 {[%clk 0:05:56]} Rf2+ {[%clk 0:02:09]} 35. Kg1
{[%clk 0:06:13]} Rxc2 {[%clk 0:02:34]} 36. Re8+ {[%clk 0:02:59]} Kf7
{[%clk 0:02:25]} 37. Re7+ {[%clk 0:03:13]} Kg8 {[%clk 0:02:43]} 38. Re8+
{[%clk 0:03:35]} Kf7 {[%clk 0:03:09]} 39. Rd8 {[%clk 0:02:23]} Qf5
{[%clk 0:01:18]} 40. Rd7+ {[%clk 0:32:23]} Kg8 {[%clk 0:31:43]} 41. Qxf5
{[%clk 0:32:34]} gxf5 {[%clk 0:32:09]} 42. Rxb7 {[%clk 0:32:46]} 1-0

[Event "Moscow_Open_19_TurnirA"]
[Site "?"]
[Date "2019.02.02"]
[Round "8.4"]
[White "Mozharov, Mikhail"]
[Black "Grachev, Boris"]
[Result "1/2-1/2"]
[BlackElo "2626"]
[WhiteElo "2549"]
[LiveChessVersion "1.4.8"]

1. e4 {[%clk 1:30:50]} e5 {[%clk 1:27:31]} 2. Nf3 {[%clk 1:30:47]} Nc6
{[%clk 1:26:37]} 3. Bb5 {[%clk 1:30:21]} a6 {[%clk 1:27:02]} 4. Ba4
{[%clk 1:30:09]} Nf6 {[%clk 1:27:05]} 5. O-O {[%clk 1:28:16]} b5 {[%clk 1:25:18]}
6. Bb3 {[%clk 1:28:33]} Bb7 {[%clk 1:25:33]} 7. c3 {[%clk 1:25:09]} Nxe4
{[%clk 1:25:19]} 8. d4 {[%clk 1:25:14]} exd4 {[%clk 1:25:25]} 9. Re1
{[%clk 1:24:46]} d5 {[%clk 1:25:48]} 10. Ng5 {[%clk 1:24:09]} Qf6
{[%clk 1:19:25]} 11. Bxd5 {[%clk 1:19:35]} Qxf2+ {[%clk 1:18:47]} 12. Kh1
{[%clk 1:20:01]} O-O-O {[%clk 1:18:57]} 13. Nxe4 {[%clk 1:20:17]} Qf5
{[%clk 1:19:10]} 14. c4 bxc4 {[%clk 1:18:07]} 15. Bxc4 {[%clk 1:17:55]} Ne5
{[%clk 1:18:01]} 16. Ng3 {[%clk 1:17:15]} Qf2 {[%clk 1:17:57]} 17. Ne4
{[%clk 1:15:36]} Qf5 {[%clk 1:17:38]} 18. Ng3 {[%clk 1:15:34]} Qf2
{[%clk 1:18:00]} 19. Ne4 {[%clk 1:15:52]} 1/2-1/2

[Event "Moscow_Open_19_TurnirA"]
[Site "?"]
[Date "2019.02.02"]
[Round "8.5"]
[White "Korneev, Oleg"]
[Black "Timofeev, Artyom"]
[Result "1/2-1/2"]
[BlackElo "2592"]
[WhiteElo "2545"]
[LiveChessVersion "1.4.8"]

1. e4 {[%clk 1:30:57]} e6 {[%clk 1:30:08]} 2. d4 {[%clk 1:31:09]} d5
{[%clk 1:30:32]} 3. Nd2 {[%clk 1:31:34]} dxe4 {[%clk 1:30:52]} 4. Nxe4
{[%clk 1:31:59]} Nd7 {[%clk 1:31:19]} 5. Nf3 {[%clk 1:32:15]} Ngf6
{[%clk 1:31:42]} 6. Nxf6+ {[%clk 1:32:41]} Nxf6 {[%clk 1:32:08]} 7. c3
{[%clk 1:33:06]} Be7 {[%clk 1:32:26]} 8. Bd3 {[%clk 1:33:10]} O-O
{[%clk 1:32:46]} 9. Qc2 {[%clk 1:32:41]} b6 {[%clk 1:32:48]} 10. Bg5
{[%clk 1:32:50]} h6 {[%clk 1:33:12]} 11. Bxf6 Bxf6 {[%clk 1:33:36]} 12. Bh7+
{[%clk 1:33:37]} Kh8 {[%clk 1:33:59]} 13. Be4 {[%clk 1:34:05]} Rb8
{[%clk 1:34:21]} 14. O-O-O {[%clk 1:34:30]} Bb7 {[%clk 1:34:42]} 15. Bxb7
{[%clk 1:34:25]} Rxb7 {[%clk 1:35:07]} 16. Qe4 {[%clk 1:34:52]} Qd5
{[%clk 1:35:15]} 17. Qxd5 {[%clk 1:34:37]} exd5 {[%clk 1:35:41]} 18. Rhe1
{[%clk 1:35:01]} c6 {[%clk 1:35:49]} 19. Ne5 {[%clk 1:09:38]} Rc8 20. f4
{[%clk 1:07:46]} h5 {[%clk 1:34:41]} 21. g3 {[%clk 1:07:34]} g6 {[%clk 1:34:34]}
22. h3 {[%clk 1:06:17]} Kg7 {[%clk 1:13:17]} 23. g4 {[%clk 1:01:13]} hxg4
{[%clk 1:13:42]} 24. hxg4 {[%clk 1:01:40]} g5 {[%clk 1:14:05]} 25. f5
{[%clk 0:53:45]} c5 {[%clk 1:10:40]} 26. Kd2 {[%clk 0:39:08]} Re7
{[%clk 1:02:46]} 27. Nf3 {[%clk 0:36:16]} cxd4 {[%clk 0:48:56]} 28. cxd4
{[%clk 0:35:43]} Re4 {[%clk 0:45:39]} 29. Rxe4 {[%clk 0:35:40]} dxe4
{[%clk 0:46:05]} 30. Ne5 {[%clk 0:35:56]} Bxe5 {[%clk 0:43:46]} 31. dxe5
{[%clk 0:35:59]} Rc5 {[%clk 0:44:10]} 32. Ke3 {[%clk 0:33:27]} Rxe5
{[%clk 0:44:35]} 33. b4 {[%clk 0:31:10]} Kf6 {[%clk 0:32:10]} 34. Rd4
{[%clk 0:26:12]} Ke7 {[%clk 0:25:53]} 35. a4 {[%clk 0:23:03]} a6 {[%clk 0:24:44]}
36. Rd1 {[%clk 0:17:38]} a5 {[%clk 0:22:28]} 37. b5 {[%clk 0:13:49]} Rc5
{[%clk 0:22:32]} 38. Rd4 {[%clk 0:13:57]} Rc3+ {[%clk 0:20:16]} 39. Kxe4
{[%clk 0:14:00]} f6 {[%clk 0:20:28]} 40. Kd5 {[%clk 0:39:15]} Rc5+
{[%clk 0:50:45]} 41. Ke4 {[%clk 0:39:44]} Re5+ {[%clk 0:49:05]} 42. Kd3
{[%clk 0:30:43]} Re1 {[%clk 0:49:10]} 43. Kd2 {[%clk 0:23:32]} Re5
{[%clk 0:49:32]} 44. Rc4 {[%clk 0:22:55]} Rd5+ {[%clk 0:49:30]} 45. Ke3
{[%clk 0:22:35]} Rd6 {[%clk 0:49:16]} 46. Rc7+ {[%clk 0:18:06]} Kd8
{[%clk 0:46:07]} 47. Rf7 {[%clk 0:18:26]} Ke8 {[%clk 0:46:31]} 48. Rb7
{[%clk 0:18:53]} Kd8 {[%clk 0:46:55]} 49. Ke4 {[%clk 0:19:08]} Ke8
{[%clk 0:47:20]} 50. Rc7 {[%clk 0:19:21]} Kd8 {[%clk 0:47:45]} 51. Rc6
{[%clk 0:17:47]} Kd7 {[%clk 0:48:07]} 52. Rxd6+ {[%clk 0:18:10]} Kxd6
{[%clk 0:48:33]} 53. Kd4 {[%clk 0:18:38]} Kc7 {[%clk 0:48:49]} 54. Kd5
{[%clk 0:19:04]} Kd7 {[%clk 0:49:15]} 55. Ke4 {[%clk 0:19:29]} 1/2-1/2

[Event "Moscow_Open_19_TurnirA"]
[Site "?"]
[Date "2019.02.02"]
[Round "8.6"]
[White "Afanasiev, Nikita"]
[Black "Pridorozhni, Aleksei"]
[Result "1/2-1/2"]
[BlackElo "2568"]
[WhiteElo "2508"]
[LiveChessVersion "1.4.8"]

1. e4 {[%clk 1:30:57]} e5 {[%clk 1:30:57]} 2. Nf3 {[%clk 1:31:23]} Nc6
{[%clk 1:31:23]} 3. Bb5 {[%clk 1:31:50]} Nf6 {[%clk 1:31:47]} 4. O-O
{[%clk 1:32:16]} Nxe4 {[%clk 1:32:09]} 5. Re1 {[%clk 1:32:42]} Nd6
{[%clk 1:32:34]} 6. Nxe5 {[%clk 1:33:07]} Nxe5 {[%clk 1:32:47]} 7. Rxe5+
{[%clk 1:33:31]} Be7 {[%clk 1:33:13]} 8. Bf1 {[%clk 1:33:54]} O-O
{[%clk 1:33:33]} 9. d4 {[%clk 1:34:20]} Bf6 {[%clk 1:33:48]} 10. Re1
{[%clk 1:34:45]} Re8 {[%clk 1:34:08]} 11. Rxe8+ {[%clk 1:35:07]} Nxe8
{[%clk 1:34:30]} 12. c3 {[%clk 1:35:27]} d5 {[%clk 1:34:54]} 13. Bf4
{[%clk 1:35:52]} g6 {[%clk 1:35:12]} 14. Bd3 {[%clk 1:36:13]} Ng7
{[%clk 1:35:32]} 15. Nd2 {[%clk 1:36:33]} Bf5 {[%clk 1:35:51]} 16. Bxf5
{[%clk 1:36:48]} Nxf5 {[%clk 1:36:16]} 17. Nf3 {[%clk 1:37:12]} c6
{[%clk 1:36:32]} 18. Be5 {[%clk 1:37:24]} Nh4 {[%clk 1:36:36]} 19. Bxf6
{[%clk 1:37:40]} Qxf6 {[%clk 1:37:02]} 20. Nxh4 {[%clk 1:38:03]} Qxh4
{[%clk 1:37:28]} 21. Qe2 {[%clk 1:38:19]} Qf6 {[%clk 1:37:49]} 22. Re1
{[%clk 1:38:38]} Kf8 {[%clk 1:38:10]} 23. Qd2 {[%clk 1:38:55]} Kg7
{[%clk 1:38:30]} 24. g3 {[%clk 1:39:13]} Rd8 {[%clk 1:38:49]} 25. Kg2
{[%clk 1:39:35]} Rd6 {[%clk 1:39:11]} 26. h4 {[%clk 1:39:55]} h5 {[%clk 1:39:35]}
27. Re3 {[%clk 1:40:11]} Re6 {[%clk 1:40:00]} 28. Qe2 {[%clk 1:40:31]} Rxe3
{[%clk 1:40:20]} 29. Qxe3 {[%clk 1:40:57]} Kf8 {[%clk 1:40:43]} 30. Kf1
{[%clk 1:41:09]} Qe7 {[%clk 1:41:02]} 31. Ke2 {[%clk 1:41:30]} Qxe3+
{[%clk 1:41:18]} 32. Kxe3 {[%clk 1:41:53]} Ke7 {[%clk 1:41:42]} 33. b4
{[%clk 1:42:11]} b5 {[%clk 1:42:07]} 34. a3 {[%clk 1:42:35]} a6 {[%clk 1:42:34]}
35. Kf4 {[%clk 1:42:55]} f6 {[%clk 1:42:49]} 36. Ke3 {[%clk 1:43:14]} Ke6
{[%clk 1:43:13]} 37. Kf4 {[%clk 1:43:38]} Kf7 {[%clk 1:43:39]} 38. Kf3
{[%clk 1:44:02]} Ke7 {[%clk 1:43:56]} 39. Ke3 {[%clk 1:44:26]} Kf7
{[%clk 1:44:23]} 40. Kf3 {[%clk 2:14:49]} Ke6 {[%clk 2:14:49]} 41. Ke4 Ke5+
1/2-1/2

[Event "Moscow_Open_19_TurnirA"]
[Site "?"]
[Date "2019.02.02"]
[Round "8.8"]
[White "Faizrakhmanov, Ramil"]
[Black "Tsydypov, Zhamsaran"]
[Result "1/2-1/2"]
[BlackElo "2545"]
[WhiteElo "2441"]
[LiveChessVersion "1.4.8"]

1. d4 {[%clk 1:30:55]} Nf6 {[%clk 1:25:54]} 2. c4 {[%clk 1:31:00]} g6
{[%clk 1:25:48]} 3. Nc3 {[%clk 1:30:17]} Bg7 {[%clk 1:26:05]} 4. e4
{[%clk 1:29:37]} O-O {[%clk 1:25:17]} 5. Nf3 {[%clk 1:27:45]} d6 {[%clk 1:24:46]}
6. h3 {[%clk 1:27:25]} a6 {[%clk 1:24:05]} 7. Be3 {[%clk 1:23:22]} c6
{[%clk 1:22:39]} 8. Bd3 {[%clk 1:13:02]} b5 {[%clk 1:22:49]} 9. O-O
{[%clk 1:11:58]} bxc4 {[%clk 1:20:58]} 10. Bxc4 d5 {[%clk 1:20:16]} 11. Bd3
{[%clk 1:12:21]} dxe4 {[%clk 1:20:39]} 12. Nxe4 {[%clk 1:12:40]} Nd5
{[%clk 1:17:41]} 13. Bg5 {[%clk 1:07:08]} Qb6 {[%clk 1:15:04]} 14. Qa4
{[%clk 1:05:24]} a5 {[%clk 1:12:21]} 15. Rac1 {[%clk 1:04:02]} Ba6
{[%clk 1:03:57]} 16. Bxa6 {[%clk 1:00:10]} Nxa6 {[%clk 1:02:54]} 17. Qxc6
{[%clk 0:58:16]} Qxc6 {[%clk 1:03:05]} 18. Rxc6 {[%clk 0:58:39]} Nab4
{[%clk 1:03:34]} 19. Rc5 {[%clk 0:56:01]} e6 {[%clk 1:03:58]} 20. Bd2
{[%clk 0:55:17]} Nd3 {[%clk 1:01:01]} 21. Rb5 {[%clk 0:47:19]} Rfb8
{[%clk 0:55:31]} 22. Rxb8+ {[%clk 0:47:17]} Rxb8 {[%clk 0:55:59]} 23. b3
{[%clk 0:47:37]} N3b4 {[%clk 0:53:18]} 24. Rc1 {[%clk 0:35:54]} Nxa2
{[%clk 0:52:41]} 25. Rc5 {[%clk 0:36:06]} Nab4 {[%clk 0:51:37]} 26. Ne5
{[%clk 0:30:05]} Bxe5 {[%clk 0:34:38]} 27. dxe5 {[%clk 0:30:30]} Nd3
{[%clk 0:35:01]} 28. Rxa5 {[%clk 0:30:22]} Nxe5 {[%clk 0:32:10]} 29. Nc5
{[%clk 0:25:39]} Nc6 {[%clk 0:28:56]} 30. Ra4 {[%clk 0:25:13]} Rb5
{[%clk 0:26:18]} 31. Rc4 {[%clk 0:25:18]} Nb6 {[%clk 0:25:29]} 32. Rc1
{[%clk 0:24:01]} Nd4 {[%clk 0:25:25]} 33. Kf1 {[%clk 0:22:51]} Nd5
{[%clk 0:23:27]} 34. Bh6 {[%clk 0:19:48]} f6 {[%clk 0:23:08]} 35. Rc4
{[%clk 0:11:55]} e5 {[%clk 0:22:09]} 36. g3 {[%clk 0:06:05]} Kf7 {[%clk 0:18:30]}
37. h4 {[%clk 0:05:36]} Nxb3 {[%clk 0:17:49]} 38. Ne4 {[%clk 0:01:48]} Rb4
{[%clk 0:17:21]} 39. Rxb4 {[%clk 0:01:54]} Nxb4 {[%clk 0:17:44]} 40. f3
{[%clk 0:31:25]} Nd4 {[%clk 0:47:21]} 41. Kg2 {[%clk 0:28:47]} Nd3
{[%clk 0:47:21]} 42. Bd2 {[%clk 0:29:05]} Ke6 {[%clk 0:47:00]} 43. g4
{[%clk 0:27:35]} Ne2 {[%clk 0:46:21]} 44. Be3 {[%clk 0:25:43]} h5
{[%clk 0:45:33]} 45. Kf1 {[%clk 0:22:24]} Nef4 {[%clk 0:42:22]} 46. Ng3
{[%clk 0:21:59]} hxg4 {[%clk 0:34:12]} 47. fxg4 {[%clk 0:22:22]} f5
{[%clk 0:34:35]} 48. gxf5+ {[%clk 0:18:57]} gxf5 {[%clk 0:33:59]} 49. h5
{[%clk 0:18:28]} Nd5 {[%clk 0:30:00]} 50. Bg5 {[%clk 0:18:17]} f4
{[%clk 0:29:41]} 51. h6 {[%clk 0:16:45]} Kf7 {[%clk 0:29:32]} 52. Nh5
{[%clk 0:10:22]} Kg6 {[%clk 0:28:59]} 53. Ke2 {[%clk 0:10:20]} Nc5
{[%clk 0:27:17]} 54. Kf3 {[%clk 0:06:49]} e4+ {[%clk 0:19:46]} 55. Kg4
{[%clk 0:05:21]} f3 {[%clk 0:20:01]} 56. Ng3 {[%clk 0:05:19]} f2 {[%clk 0:18:15]}
57. Nf1 {[%clk 0:05:17]} Nd3 {[%clk 0:17:44]} 58. Kg3 {[%clk 0:04:18]} Nc3
{[%clk 0:17:36]} 59. Be3 {[%clk 0:02:18]} Nd1 {[%clk 0:17:37]} 60. Kg2
{[%clk 0:02:26]} Nxe3+ {[%clk 0:15:29]} 1/2-1/2

[Event "Moscow_Open_19_TurnirA"]
[Site "?"]
[Date "2019.02.02"]
[Round "8.9"]
[White "Atabayev, Saparmyrat"]
[Black "Potapov, Pavel"]
[Result "0-1"]
[BlackElo "2516"]
[WhiteElo "2434"]
[LiveChessVersion "1.4.8"]

1. e4 c5 2. Nf3 Nc6 3. Bb5 g6 4. O-O Bg7 5. Re1 Nf6 6. Bxc6 dxc6 7. d3 O-O 8. Nc3
Re8 9. Bf4 b6 10. Qd2 Nh5 11. Bh6 e5 12. Bxg7 Kxg7 13. a3 Qf6 14. Qg5 Qxg5 15.
Nxg5 f6 16. Nf3 Nf4 17. b4 Ne6 18. Nd2 Rd8 19. Nc4 Nd4 20. Ne3 b5 21. Ne2 a5 22.
bxc5 Ne6 23. Kf1 Nxc5 24. f4 Ne6 25. fxe5 fxe5 26. Ng4 Rf8+ 27. Kg1 Nd4 28. Nxd4
exd4 29. Ne5 c5 30. a4 Re8 31. Nf3 b4 32. Nd2 Be6 33. Nb3 Rec8 34. Rf1 Bg8 35.
Rf2 Ra7 36. Rd1 Bf7 37. h3 Be8 38. Ra1 Ra6 39. Rd2 Kf6 40. Rf2+ Kg7 41. Rd2 Rc7
42. Kf1 Kf6 43. Rf2+ Ke7 44. Ke1 c4 45. Nxd4 Rd7 46. Nb5 cxd3 47. c3 Re6 48. Kd2
Rxe4 49. cxb4 Rxb4 50. Re1+ Kd8 51. Rf8 Rb2+ 52. Kc3 Rc2+ 53. Kb3 Re2 54. Ref1 d2
55. Rd1 Rxg2 56. Rf3 g5 57. Rf8 Ke7 58. Rh8 Rg3+ 59. Kc4 Rxh3 60. Nd4 Bf7+ 0-1

[Event "Moscow_Open_19_TurnirA"]
[Site "?"]
[Date "2019.02.02"]
[Round "8.10"]
[White "Ivanov, Oleg V"]
[Black "Drygalov, Andrey"]
[Result "1-0"]
[BlackElo "2485"]
[WhiteElo "2429"]
[LiveChessVersion "1.4.8"]

1. e4 {[%clk 1:30:55]} c5 {[%clk 1:30:56]} 2. Nf3 {[%clk 1:30:58]} d6
{[%clk 1:31:23]} 3. d4 {[%clk 1:31:07]} cxd4 {[%clk 1:31:48]} 4. Nxd4
{[%clk 1:31:33]} Nf6 {[%clk 1:32:13]} 5. Nc3 {[%clk 1:31:48]} a6 {[%clk 1:32:40]}
6. h3 {[%clk 1:32:00]} e5 {[%clk 1:32:56]} 7. Nb3 {[%clk 1:32:25]} Be7
{[%clk 1:33:23]} 8. g4 {[%clk 1:32:30]} h6 {[%clk 1:32:52]} 9. Be3
{[%clk 1:30:08]} Nbd7 {[%clk 1:30:47]} 10. Qf3 {[%clk 1:27:59]} b5
{[%clk 1:30:58]} 11. O-O-O {[%clk 1:27:52]} Bb7 {[%clk 1:23:49]} 12. h4
{[%clk 1:19:44]} b4 {[%clk 1:20:56]} 13. Nd5 {[%clk 1:19:31]} Nxd5
{[%clk 1:20:54]} 14. exd5 {[%clk 1:19:57]} Bxh4 15. Qe4 {[%clk 1:12:51]} Kf8
{[%clk 1:06:35]} 16. Qxb4 {[%clk 1:08:11]} Rb8 {[%clk 0:56:50]} 17. Na5
{[%clk 0:31:37]} Bc8 {[%clk 0:50:07]} 18. Qa3 {[%clk 0:30:02]} Be7
{[%clk 0:43:38]} 19. Nc6 {[%clk 0:29:20]} Qc7 {[%clk 0:44:04]} 20. Nxb8
{[%clk 0:29:05]} Nxb8 {[%clk 0:44:18]} 21. Rd3 {[%clk 0:24:20]} g5
{[%clk 0:32:02]} 22. Rc3 {[%clk 0:22:33]} Qb7 {[%clk 0:28:54]} 23. Qa5
{[%clk 0:19:23]} Nd7 {[%clk 0:27:18]} 24. Rc7 {[%clk 0:10:50]} Qb8
{[%clk 0:23:26]} 25. Ba7 {[%clk 0:08:56]} Qa8 {[%clk 0:23:50]} 26. Bxa6
{[%clk 0:08:47]} Bxa6 {[%clk 0:23:02]} 27. Qxa6 {[%clk 0:06:05]} Qe8
{[%clk 0:23:06]} 28. Qc6 {[%clk 0:04:49]} Nf6 {[%clk 0:23:30]} 29. Rc8
{[%clk 0:04:52]} Bd8 {[%clk 0:23:55]} 30. Bb6 {[%clk 0:04:56]} 1-0

[Event "Moscow_Open_19_TurnirA"]
[Site "?"]
[Date "2019.02.02"]
[Round "8.11"]
[White "Zakhartsov, Vladimir"]
[Black "Bryakin, Mikhail"]
[Result "1-0"]
[BlackElo "2426"]
[WhiteElo "2483"]
[LiveChessVersion "1.4.8"]

1. d4 {[%clk 1:22:12]} d5 {[%clk 1:30:39]} 2. c4 {[%clk 1:22:21]} c6
{[%clk 1:30:08]} 3. Nc3 {[%clk 1:22:41]} Nf6 {[%clk 1:29:53]} 4. e3
{[%clk 1:22:59]} g6 {[%clk 1:28:50]} 5. Nf3 {[%clk 1:21:33]} Bg7 {[%clk 1:28:49]}
6. Be2 {[%clk 1:18:57]} O-O {[%clk 1:28:03]} 7. O-O {[%clk 1:17:51]} a6
{[%clk 1:26:14]} 8. a4 {[%clk 1:13:25]} a5 {[%clk 1:26:11]} 9. cxd5
{[%clk 1:06:50]} Nxd5 10. e4 {[%clk 1:06:31]} Nb4 {[%clk 1:24:31]} 11. Be3
{[%clk 1:05:04]} Bg4 {[%clk 1:21:02]} 12. Ne5 {[%clk 1:00:13]} Bxe2
{[%clk 1:19:03]} 13. Qxe2 {[%clk 1:00:41]} Nd7 {[%clk 1:16:56]} 14. Nc4
{[%clk 0:55:57]} Nb6 {[%clk 1:10:46]} 15. Rad1 {[%clk 0:55:17]} Nxc4
{[%clk 1:05:50]} 16. Qxc4 {[%clk 0:55:03]} Qd7 {[%clk 0:54:42]} 17. Rd2
{[%clk 0:53:00]} Rfc8 18. h3 {[%clk 0:51:09]} e6 {[%clk 0:41:59]} 19. Rfd1
{[%clk 0:49:34]} Kh8 {[%clk 0:40:29]} 20. Bf4 {[%clk 0:47:14]} Rd8
{[%clk 0:33:45]} 21. Bg5 {[%clk 0:35:38]} Rdc8 {[%clk 0:33:26]} 22. Bf4
{[%clk 0:34:41]} Rd8 {[%clk 0:33:45]} 23. Kh2 {[%clk 0:34:55]} Qe7
{[%clk 0:31:52]} 24. d5 {[%clk 0:28:09]} cxd5 {[%clk 0:28:16]} 25. exd5
{[%clk 0:28:37]} exd5 {[%clk 0:28:19]} 26. Nxd5 {[%clk 0:29:01]} Nxd5
{[%clk 0:28:40]} 27. Rxd5 {[%clk 0:29:29]} Rxd5 {[%clk 0:28:27]} 28. Qxd5
{[%clk 0:29:33]} Kg8 {[%clk 0:19:31]} 29. b3 {[%clk 0:28:50]} h5 {[%clk 0:17:19]}
30. Rd3 {[%clk 0:27:10]} Qb4 {[%clk 0:14:32]} 31. Bd6 {[%clk 0:24:09]} Qe1
{[%clk 0:12:28]} 32. Bg3 {[%clk 0:20:38]} Re8 {[%clk 0:07:18]} 33. Qxb7
{[%clk 0:17:17]} Qa1 {[%clk 0:03:56]} 34. Re3 {[%clk 0:11:46]} Rxe3
{[%clk 0:03:51]} 35. fxe3 {[%clk 0:09:28]} Qc3 {[%clk 0:03:48]} 36. Qa8+
{[%clk 0:08:00]} Kh7 {[%clk 0:04:07]} 37. Qd5 {[%clk 0:08:22]} Kg8
{[%clk 0:03:18]} 38. Bf4 {[%clk 0:08:43]} Bf6 {[%clk 0:03:20]} 39. Qc4
{[%clk 0:08:35]} Qe1 {[%clk 0:02:32]} 40. Qc8+ {[%clk 0:38:35]} Kg7
{[%clk 0:32:39]} 41. Bd6 {[%clk 0:36:08]} Qxe3 {[%clk 0:29:16]} 42. Qf8+
{[%clk 0:36:03]} Kh7 {[%clk 0:29:38]} 43. Qxf7+ {[%clk 0:36:28]} Bg7
{[%clk 0:30:01]} 44. Qc7 {[%clk 0:31:08]} Qxb3 {[%clk 0:16:18]} 45. Qxa5
{[%clk 0:30:48]} Qd1 {[%clk 0:14:39]} 46. Qc7 {[%clk 0:29:08]} Kg8
{[%clk 0:14:19]} 47. Qd8+ {[%clk 0:22:57]} Kh7 {[%clk 0:14:26]} 48. Qe7
{[%clk 0:23:16]} Kg8 {[%clk 0:14:33]} 49. Qe8+ {[%clk 0:21:49]} Kh7
{[%clk 0:15:02]} 50. Bg3 {[%clk 0:17:58]} Bd4 {[%clk 0:13:21]} 51. Qd7+
{[%clk 0:17:46]} Kg8 {[%clk 0:12:20]} 52. Qd5+ {[%clk 0:17:55]} Kh7
{[%clk 0:12:30]} 53. Bf2 {[%clk 0:18:19]} Qh1+ {[%clk 0:11:10]} 54. Kxh1
{[%clk 0:18:47]} 1-0